000 00328 a2200109 4500
001 ART_11377
005 20260410161856.0
008 260409a
245 1 0 _aEvaluación estratégica de la empresa
100 1 _aAlvarez, Héctor Felipe
773 0 _tRevista de Economía
_g- Nº 60 (jul./sep. 1990)
_wREV11077
999 _c25514
_d25514